| 000 | 00868nam a22002897a 4500 | ||
|---|---|---|---|
| 001 | 6515 | ||
| 003 | FISKH | ||
| 005 | 20250507145020.0 | ||
| 008 | 250507b cb ||||| |||| 00| 0 eng d | ||
| 020 | _a9781400322459 | ||
| 040 |
_aFISKH _beng _cFISKH _dFISKH |
||
| 050 | _aPZ7.M462 J | ||
| 082 | _a372.4 | ||
| 100 |
_aMayer, Mercer _d(1943-) |
||
| 245 |
_aYou go first / _cBy Mercer Mayer |
||
| 250 | _aThis edition first published in 2013 | ||
| 260 |
_aNew York : _bLittlecritter, _c2013 |
||
| 300 |
_a22 pages : _bcolor illustrations ; _c21 cm |
||
| 505 | _aL | ||
| 520 | _aLittle critter and his mother take a trip to the city exploring the department stores and museums. | ||
| 521 | 8 |
_a510
_bLexile |
|
| 521 | 8 |
_aL
_bRaz-Plus |
|
| 650 |
_2Little Critter _aMother's Day |
||
| 650 |
_2Mercer Mayer _aMother |
||
| 942 |
_2ddc _cBK _n0 |
||
| 999 |
_c6515 _d6515 |
||